000 00477nam a2200169Ia 4500
003 GCL
008 140319s9999 xx 000 0 eng d
040 _aGCL /
_cGCL
082 0 4 _a610.03
_bM O
100 1 _aMARTIN, ELIZABETH
245 1 0 _aOXFORD CONCISE MEDIACAL DICTIONARY /
_cMARTIN, ELIZABETH
260 _a[S.N] :
_bOXFORD UNIVERSITY PRESS ،
_c1994
650 0 4 _aDICTIONARIES
650 0 4 _aMEDICAL SCIENCE
650 0 4 _aMEDICAL SCIENCE - DICTIONARY
942 _2ddc
_cBK
999 _c13324
_d13324